000 00514nam a2200181Ia 4500
003 GCL
008 140319s9999 xx 000 0 eng d
040 _aGCL /
_cGCL
082 0 4 _a808.06665
_bV C
100 1 _aL EITCH, R.R
245 1 0 _aCONTEMPORARY BUSINESS COMMUNICATION, FROM THOUGHT TO EXPRESSION /
_cL EITCH, R.R
260 _a[S.N] :
_bMACMILLAN PUBLISHING COMPANY ،
_c1993
300 _a565 P
650 0 4 _aBUSINESS COMMUNICATION
650 0 4 _aBUSINESS
650 0 4 _aCOMMUNICATION
942 _2ddc
_cBK
999 _c17058
_d17058